000 00563nam a2200181 i 4500
001 80682
003 ES-MaACL
005 20250822012741.0
007 t|
008 041029s1961 sp ||||1| spa d
100 1 _aHostie, Raymond.
_964298
245 1 3 _aEl mito y la Regilión /
_cRaymond Hostie ; [traducción de Antonio Alvarez de Linera Grund].
260 _aMadrid :
_bRazón y Fé,
_c1961.
300 _a294 p. ;
_c22 cm.
700 1 _aÁlvarez de Linera, Antonio,
_d1888-1961
_9149717
852 _aES-MaACL
_jC-20976
_bR.49332
999 _c80682
_d80682